[Event "Stay Safe Play From Home 268"]
[Site "Emanuel Lasker Arena"]
[Date "2020.07.01"]
[Round "6"]
[White "Klasman"]
[Black "Trotsky"]
[Result "1-0"]
[WhiteElo "1343"]
[BlackElo "1561"]
[Annotator "NA"]
[PlyCount "29"]
[EventDate "2020.07.01"]
[EventType "swiss (blitz)"]

1. f4 {[%emt 0:00:01]} d5 {[%emt 0:00:01]} 2. Nf3 {[%emt 0:00:01]} e6 {[%emt 0:00:01]} 3. e3 {[%emt 0:00:01]} c5 {[%emt 0:00:01]} 4. c4 {[%emt 0:00:01]} Nc6 {[%emt 0:00:01]} 5. d4 {[%emt 0:00:01]} Nf6 {[%emt 0:00:02]} 6. cxd5 {[%emt 0:00:03]} exd5 {[%emt 0:00:01]} 7. Bb5 {[%emt 0:00:01]} Be6 {[%emt 0:00:01]} 8. Ne5 {[%emt 0:00:02]} Qc7 {[%emt 0:00:01]} 9. Qa4 {[%emt 0:00:01]} Bd6 {[%emt 0:00:01]} 10. Nxc6 {[%emt 0:00:02]} bxc6 {[%emt 0:00:01]} 11. Bxc6+ {[%emt 0:00:01]} Bd7 {[%emt 0:00:04]} 12. Bxd7+ {[%emt 0:00:05]} Nxd7 {[%emt 0:00:01]} 13. Nc3 {[%emt 0:00:02]} a6 {[%emt 0:00:04]} 14. Nxd5 {[%emt 0:00:01]} Qc6 {[%emt 0:00:04]} 15. Qxc6 {[%emt 0:00:04] Trotsky Ñäàåòñÿ (Lag: Av=0.27s, max=0.4s)} 1-0

[Event "Stay Safe Play From Home 268"]
[Site "Emanuel Lasker Arena"]
[Date "2020.07.01"]
[Round "7"]
[White "Broken sword"]
[Black "Klasman"]
[Result "1-0"]
[WhiteElo "2480"]
[BlackElo "1370"]
[PlyCount "59"]
[EventDate "2020.07.01"]
[EventType "swiss (blitz)"]

1. d4 {[%emt 0:00:01]} f5 {[%emt 0:00:02]} 2. Nf3 {[%emt 0:00:00]} Nf6 {[%emt 0:00:01]} 3. c3 {[%emt 0:00:00]} e6 {[%emt 0:00:01]} 4. Bg5 {[%emt 0:00:00]} Be7 {[%emt 0:00:03]} 5. Nbd2 {[%emt 0:00:01]} O-O {[%emt 0:00:01]} 6. Bxf6 {[%emt 0:00:00]} Bxf6 {[%emt 0:00:01]} 7. e4 {[%emt 0:00:00]} fxe4 {[%emt 0:00:02]} 8. Nxe4 {[%emt 0:00:00]} d5 {[%emt 0:00:01]} 9. Ng3 {[%emt 0:00:01]} c5 {[%emt 0:00:02]} 10. dxc5 {[%emt 0:00:01]} Qa5 {[%emt 0:00:04]} 11. Be2 {[%emt 0:00:01]} Qxc5 {[%emt 0:00:02]} 12. O-O {[%emt 0:00:00]} Nc6 {[%emt 0:00:01]} 13. Rc1 {[%emt 0:00:01]} Bd7 {[%emt 0:00:01]} 14. Re1 {[%emt 0:00:01]} Qb6 {[%emt 0:00:01]} 15. Qb3 {[%emt 0:00:01]} Qxb3 {[%emt 0:00:01]} 16. axb3 {[%emt 0:00:00]} Na5 {[%emt 0:00:02]} 17. b4 {[%emt 0:00:04]} Nb3 {[%emt 0:00:01]} 18. Rcd1 {[%emt 0:00:00]} a5 {[%emt 0:00:02]} 19. bxa5 {[%emt 0:00:02]} Rxa5 {[%emt 0:00:01]} 20. Nh5 {[%emt 0:00:02]} Rfa8 {[%emt 0:00:02]} 21. Nxf6+ {[%emt 0:00:01]} gxf6 {[%emt 0:00:01]} 22. Bd3 {[%emt 0:00:01]} h6 {[%emt 0:00:03]} 23. Bc2 {[%emt 0:00:01]} Nc5 {[%emt 0:00:03]} 24. h3 {[%emt 0:00:02]} Ra2 {[%emt 0:00:02]} 25. Rb1 {[%emt 0:00:01]} e5 {[%emt 0:00:05]} 26. Red1 {[%emt 0:00:01]} Be6 {[%emt 0:00:02]} 27. Nd2 {[%emt 0:00:01]} f5 {[%emt 0:00:02]} 28. Nf3 {[%emt 0:00:01]} Nd7 {[%emt 0:00:03]} 29. Re1 {[%emt 0:00:02]} d4 {[%emt 0:00:06]} 30. cxd4 {[%emt 0:00:01] Time} 1-0

[Event "Stay Safe Play From Home 268"]
[Site "Emanuel Lasker Arena"]
[Date "2020.07.01"]
[Round "7"]
[White "Mepe_Nika"]
[Black "Haris kollari 13"]
[Result "1-0"]
[WhiteElo "2406"]
[BlackElo "1782"]
[Annotator "NA"]
[PlyCount "77"]
[EventDate "2020.07.01"]
[EventType "swiss (blitz)"]

1. d3 {[%emt 0:00:00]} e6 {[%emt 0:00:00]} 2. g3 {[%emt 0:00:01]} d5 {[%emt 0:00:00]} 3. Bg2 {[%emt 0:00:00]} c5 {[%emt 0:00:01]} 4. Nd2 {[%emt 0:00:00]} Nc6 {[%emt 0:00:01]} 5. e4 {[%emt 0:00:00]} d4 {[%emt 0:00:01]} 6. f4 {[%emt 0:00:01]} f6 {[%emt 0:00:01]} 7. Ne2 {[%emt 0:00:00]} e5 {[%emt 0:00:00]} 8. O-O {[%emt 0:00:01]} Bd6 {[%emt 0:00:01]} 9. Nc4 {[%emt 0:00:01]} Bc7 {[%emt 0:00:01]} 10. h3 {[%emt 0:00:01]} b5 {[%emt 0:00:01]} 11. Nd2 {[%emt 0:00:01]} Be6 {[%emt 0:00:01]} 12. g4 {[%emt 0:00:02]} Nge7 {[%emt 0:00:02]} 13. Ng3 {[%emt 0:00:01]} Qd7 {[%emt 0:00:01]} 14. Nf5 {[%emt 0:00:01]} Bxf5 {[%emt 0:00:02]} 15. exf5 {[%emt 0:00:00]} O-O-O {[%emt 0:00:01]} 16. Ne4 {[%emt 0:00:02]} Bb6 {[%emt 0:00:03]} 17. a4 {[%emt 0:00:03]} b4 {[%emt 0:00:01]} 18. a5 {[%emt 0:00:01]} Nxa5 {[%emt 0:00:03]} 19. fxe5 {[%emt 0:00:01]} fxe5 {[%emt 0:00:02]} 20. Nxc5 {[%emt 0:00:02]} Bxc5 {[%emt 0:00:02]} 21. Rxa5 {[%emt 0:00:00]} Bb6 {[%emt 0:00:01]} 22. Ra1 {[%emt 0:00:03]} Nd5 {[%emt 0:00:01]} 23. Qf3 {[%emt 0:00:01]} g6 {[%emt 0:00:04]} 24. Bd2 {[%emt 0:00:02]} gxf5 {[%emt 0:00:02]} 25. Qxf5 {[%emt 0:00:00]} Qxf5 {[%emt 0:00:02]} 26. Rxf5 {[%emt 0:00:00]} Rhe8 {[%emt 0:00:04]} 27. Rf7 {[%emt 0:00:03]} h5 {[%emt 0:00:05]} 28. gxh5 {[%emt 0:00:02]} Rg8 {[%emt 0:00:01]} 29. h6 {[%emt 0:00:04]} Ne3 {[%emt 0:00:01]} 30. Rg7 {[%emt 0:00:03]} Rxg7 {[%emt 0:00:03]} 31. hxg7 {[%emt 0:00:00]} Rg8 {[%emt 0:00:01]} 32. Kh2 {[%emt 0:00:03]} Rxg7 {[%emt 0:00:01]} 33. Be4 {[%emt 0:00:01]} Bc7 {[%emt 0:00:02]} 34. Rg1 {[%emt 0:00:01]} Rxg1 {[%emt 0:00:02]} 35. Kxg1 {[%emt 0:00:00]} Nxc2 {[%emt 0:00:01]} 36. h4 {[%emt 0:00:00]} a5 {[%emt 0:00:02]} 37. h5 {[%emt 0:00:01]} Ne3 {[%emt 0:00:00]} 38. h6 {[%emt 0:00:05]} Bd6 {[%emt 0:00:01]} 39. h7 {[%emt 0:00:01] Time (Lag: Av=0.42s, max=1.0s)} 1-0

[Event "Stay Safe Play From Home 268"]
[Site "Emanuel Lasker Arena"]
[Date "2020.07.01"]
[Round "7"]
[White "Lazieri3"]
[Black "The Next Contender"]
[Result "1-0"]
[WhiteElo "2105"]
[BlackElo "1973"]
[PlyCount "115"]
[EventDate "2020.07.01"]
[EventType "swiss (blitz)"]

1. e4 {[%emt 0:00:01]} d5 {[%emt 0:00:00]} 2. exd5 {[%emt 0:00:01]} Qxd5 {[%emt 0:00:00]} 3. d4 {[%emt 0:00:00]} Qa5+ {[%emt 0:00:00]} 4. c3 {[%emt 0:00:01]} c6 {[%emt 0:00:00]} 5. Nf3 {[%emt 0:00:00]} Bf5 {[%emt 0:00:00]} 6. Bf4 {[%emt 0:00:01]} Nf6 {[%emt 0:00:01]} 7. Bd3 {[%emt 0:00:01]} Bxd3 {[%emt 0:00:01]} 8. Qxd3 {[%emt 0:00:00]} e6 {[%emt 0:00:00]} 9. Nbd2 {[%emt 0:00:01]} g6 {[%emt 0:00:01]} 10. Nc4 {[%emt 0:00:01]} Qd8 {[%emt 0:00:02]} 11. O-O {[%emt 0:00:01]} b5 {[%emt 0:00:03]} 12. Nce5 {[%emt 0:00:02]} Bg7 {[%emt 0:00:01]} 13. Qd2 {[%emt 0:00:01]} O-O {[%emt 0:00:00]} 14. Bh6 {[%emt 0:00:01]} Qc7 {[%emt 0:00:01]} 15. Bxg7 {[%emt 0:00:01]} Kxg7 {[%emt 0:00:00]} 16. h3 {[%emt 0:00:01]} Nbd7 {[%emt 0:00:00]} 17. Nxd7 {[%emt 0:00:01]} Qxd7 {[%emt 0:00:00]} 18. Ne5 {[%emt 0:00:00]} Qc7 {[%emt 0:00:00]} 19. Rfe1 {[%emt 0:00:00]} c5 {[%emt 0:00:01]} 20. dxc5 {[%emt 0:00:02]} Qxc5 {[%emt 0:00:00]} 21. Qf4 {[%emt 0:00:04]} Rfd8 {[%emt 0:00:01]} 22. Rad1 {[%emt 0:00:01]} Rd5 {[%emt 0:00:02]} 23. Rxd5 {[%emt 0:00:02]} Qxd5 {[%emt 0:00:00]} 24. a3 {[%emt 0:00:03]} a5 {[%emt 0:00:06]} 25. Ng4 {[%emt 0:00:01]} Nxg4 {[%emt 0:00:01]} 26. Qxg4 {[%emt 0:00:00]} Qc5 {[%emt 0:00:02]} 27. Qe4 {[%emt 0:00:03]} Rd8 {[%emt 0:00:01]} 28. Qe5+ {[%emt 0:00:01]} Qxe5 {[%emt 0:00:02]} 29. Rxe5 {[%emt 0:00:00]} b4 {[%emt 0:00:00]} 30. Rxa5 {[%emt 0:00:01]} bxc3 {[%emt 0:00:01]} 31. bxc3 {[%emt 0:00:00]} Rc8 {[%emt 0:00:00]} 32. Ra7 {[%emt 0:00:02]} Rxc3 {[%emt 0:00:01]} 33. a4 {[%emt 0:00:00]} Ra3 {[%emt 0:00:01]} 34. a5 {[%emt 0:00:00]} Kf6 {[%emt 0:00:01]} 35. a6 {[%emt 0:00:01]} h6 {[%emt 0:00:01]} 36. f3 {[%emt 0:00:01]} Ra2 {[%emt 0:00:01]} 37. Kh2 {[%emt 0:00:01]} Kf5 {[%emt 0:00:01]} 38. Rxf7+ {[%emt 0:00:01]} Kg5 {[%emt 0:00:01]} 39. Ra7 {[%emt 0:00:00]} h5 {[%emt 0:00:01]} 40. Ra8 {[%emt 0:00:01]} h4 {[%emt 0:00:02]} 41. a7 {[%emt 0:00:01]} e5 {[%emt 0:00:03]} 42. Re8 {[%emt 0:00:02]} Rxa7 {[%emt 0:00:01]} 43. Rxe5+ {[%emt 0:00:00]} Kh6 {[%emt 0:00:00]} 44. Re4 {[%emt 0:00:00]} g5 {[%emt 0:00:01]} 45. Re6+ {[%emt 0:00:01]} Kh5 {[%emt 0:00:01]} 46. Re8 {[%emt 0:00:00]} Ra2 {[%emt 0:00:02]} 47. Rh8+ {[%emt 0:00:00]} Kg6 {[%emt 0:00:01]} 48. Rb8 {[%emt 0:00:00]} Kh6 {[%emt 0:00:01]} 49. Rb6+ {[%emt 0:00:01]} Kh5 {[%emt 0:00:01]} 50. Rb7 {[%emt 0:00:00]} Kh6 {[%emt 0:00:00]} 51. Rb5 {[%emt 0:00:01]} Kh5 {[%emt 0:00:00]} 52. f4 {[%emt 0:00:00]} Kg6 {[%emt 0:00:02]} 53. Rxg5+ {[%emt 0:00:00]} Kh6 {[%emt 0:00:00]} 54. Rg4 {[%emt 0:00:00]} Ra4 {[%emt 0:00:00]} 55. Rxh4+ {[%emt 0:00:01]} Kg6 {[%emt 0:00:00]} 56. Rg4+ {[%emt 0:00:00]} Kf5 {[%emt 0:00:00]} 57. Rg5+ {[%emt 0:00:02]} Kxf4 {[%emt 0:00:01]} 58. Rg4+ {[%emt 0:00:01] The Next Contender resigns (Lag: Av=0.69s, max=1.4s)} 1-0

[Event "Stay Safe Play From Home 268"]
[Site "Emanuel Lasker Arena"]
[Date "2020.07.01"]
[Round "7"]
[White "NeatFox"]
[Black "Patzeroglu"]
[Result "1-0"]
[WhiteElo "1896"]
[BlackElo "1882"]
[Annotator "NA"]
[PlyCount "109"]
[EventDate "2020.07.01"]
[EventType "swiss (blitz)"]

1. g4 {[%emt 0:00:01]} h5 {[%emt 0:00:02]} 2. Bg2 {[%emt 0:00:00]} hxg4 {[%emt 0:00:02]} 3. c4 {[%emt 0:00:00]} d6 {[%emt 0:00:01]} 4. Qb3 {[%emt 0:00:00]} c6 {[%emt 0:00:01]} 5. Nc3 {[%emt 0:00:02]} e5 {[%emt 0:00:01]} 6. d3 {[%emt 0:00:01]} Na6 {[%emt 0:00:01]} 7. Be3 {[%emt 0:00:03]} Qc7 {[%emt 0:00:01]} 8. O-O-O {[%emt 0:00:02]} Be6 {[%emt 0:00:01]} 9. Qc2 {[%emt 0:00:02]} O-O-O {[%emt 0:00:03]} 10. a3 {[%emt 0:00:01]} Kb8 {[%emt 0:00:01]} 11. Kb1 {[%emt 0:00:02]} Nc5 {[%emt 0:00:02]} 12. Ne4 {[%emt 0:00:02]} Nxe4 {[%emt 0:00:01]} 13. Bxe4 {[%emt 0:00:00]} f5 {[%emt 0:00:01]} 14. Bg2 {[%emt 0:00:01]} Be7 {[%emt 0:00:02]} 15. Bd2 {[%emt 0:00:01]} Nh6 {[%emt 0:00:04]} 16. e3 {[%emt 0:00:01]} Nf7 {[%emt 0:00:01]} 17. Ne2 {[%emt 0:00:00]} d5 {[%emt 0:00:03]} 18. cxd5 {[%emt 0:00:02]} cxd5 {[%emt 0:00:00]} 19. Rc1 {[%emt 0:00:02]} Qxc2+ {[%emt 0:00:01]} 20. Rxc2 {[%emt 0:00:00]} Rc8 {[%emt 0:00:01]} 21. Rhc1 {[%emt 0:00:00]} Rxc2 {[%emt 0:00:03]} 22. Rxc2 {[%emt 0:00:00]} Rxh2 {[%emt 0:00:01]} 23. Bf1 {[%emt 0:00:04]} Rxf2 {[%emt 0:00:00]} 24. Rc1 {[%emt 0:00:02]} g5 {[%emt 0:00:02]} 25. Ng3 {[%emt 0:00:01]} Rxd2 {[%emt 0:00:01]} 26. d4 {[%emt 0:00:02]} f4 {[%emt 0:00:01]} 27. Nh5 {[%emt 0:00:02]} Bf5+ {[%emt 0:00:01]} 28. Ka2 {[%emt 0:00:02]} fxe3 {[%emt 0:00:03]} 29. Ng7 {[%emt 0:00:01]} Bd3 {[%emt 0:00:04]} 30. Bxd3 {[%emt 0:00:04]} Rxd3 {[%emt 0:00:00]} 31. Nf5 {[%emt 0:00:01]} Bxa3 {[%emt 0:00:05]} 32. bxa3 {[%emt 0:00:03]} exd4 {[%emt 0:00:01]} 33. Ne7 {[%emt 0:00:02]} a5 {[%emt 0:00:00]} 34. Rc8+ {[%emt 0:00:01]} Ka7 {[%emt 0:00:01]} 35. Rc1 {[%emt 0:00:00]} e2 {[%emt 0:00:00]} 36. Re1 {[%emt 0:00:01]} Rd2+ {[%emt 0:00:01]} 37. Kb3 {[%emt 0:00:00]} d3 {[%emt 0:00:00]} 38. Kc3 {[%emt 0:00:01]} Rd1 {[%emt 0:00:00]} 39. Rxe2 {[%emt 0:00:02]} dxe2 {[%emt 0:00:01]} 40. Kb3 {[%emt 0:00:01]} e1=Q {[%emt 0:00:00]} 41. Nc8+ {[%emt 0:00:01]} Kb8 {[%emt 0:00:02]} 42. Nb6 {[%emt 0:00:01]} Ne5 {[%emt 0:00:00]} 43. Nd7+ {[%emt 0:00:00]} Ka8 {[%emt 0:00:01]} 44. Ka4 {[%emt 0:00:00]} Ka7 {[%emt 0:00:00]} 45. Nb6 {[%emt 0:00:00]} Qd2 {[%emt 0:00:01]} 46. Nc8+ {[%emt 0:00:00]} Kb8 {[%emt 0:00:01]} 47. Nb6 {[%emt 0:00:00]} Qc2+ {[%emt 0:00:00]} 48. Kxa5 {[%emt 0:00:02]} Qc6 {[%emt 0:00:00]} 49. Nd7+ {[%emt 0:00:00]} Qxd7 {[%emt 0:00:01]} 50. Kb4 {[%emt 0:00:00]} Qc7 {[%emt 0:00:00]} 51. a4 {[%emt 0:00:00]} Qc6 {[%emt 0:00:00]} 52. Ka3 {[%emt 0:00:00]} Qc4 {[%emt 0:00:00]} 53. a5 {[%emt 0:00:00]} Rd3+ {[%emt 0:00:01]} 54. Kb2 {[%emt 0:00:00]} Qb3+ {[%emt 0:00:01]} 55. Ka1 {[%emt 0:00:00] (Lag: Av=1.27s, max=2.4s)} 1-0

[Event "Stay Safe Play From Home 268"]
[Site "Emanuel Lasker Arena"]
[Date "2020.07.01"]
[Round "7"]
[White "Trotsky"]
[Black "Fischer_11"]
[Result "1-0"]
[WhiteElo "1534"]
[BlackElo "2058"]
[Annotator "NA"]
[PlyCount "53"]
[EventDate "2020.07.01"]
[EventType "swiss (blitz)"]

1. d4 {[%emt 0:00:01]} e5 {[%emt 0:00:01]} 2. e3 {[%emt 0:00:00]} exd4 {[%emt 0:00:01]} 3. exd4 {[%emt 0:00:01]} d5 {[%emt 0:00:00]} 4. c4 {[%emt 0:00:01]} Nf6 {[%emt 0:00:00]} 5. Nc3 {[%emt 0:00:01]} dxc4 {[%emt 0:00:00]} 6. Bxc4 {[%emt 0:00:02]} g6 {[%emt 0:00:00]} 7. Be3 {[%emt 0:00:01]} Bg7 {[%emt 0:00:00]} 8. Qc2 {[%emt 0:00:01]} O-O {[%emt 0:00:00]} 9. O-O-O {[%emt 0:00:01]} Nbd7 {[%emt 0:00:01]} 10. Bd3 {[%emt 0:00:01]} Nb6 {[%emt 0:00:00]} 11. Nf3 {[%emt 0:00:01]} Nbd5 {[%emt 0:00:04]} 12. a3 {[%emt 0:00:02]} a6 {[%emt 0:00:02]} 13. Ng5 {[%emt 0:00:01]} b5 {[%emt 0:00:01]} 14. h4 {[%emt 0:00:02]} b4 {[%emt 0:00:01]} 15. h5 {[%emt 0:00:01]} bxa3 {[%emt 0:00:01]} 16. hxg6 {[%emt 0:00:02]} fxg6 {[%emt 0:00:02]} 17. Bxg6 {[%emt 0:00:01]} h6 {[%emt 0:00:07]} 18. Bh7+ {[%emt 0:00:09]} Kh8 {[%emt 0:00:02]} 19. g4 {[%emt 0:00:07]} axb2+ {[%emt 0:00:01]} 20. Kb1 {[%emt 0:00:02]} Bxg4 {[%emt 0:00:05]} 21. Rdg1 {[%emt 0:00:03]} Bd7 {[%emt 0:00:10]} 22. Nce4 {[%emt 0:00:02]} Qe7 {[%emt 0:00:06]} 23. Nxf6 {[%emt 0:00:02]} Nxf6 {[%emt 0:00:00]} 24. d5 {[%emt 0:00:02]} Bb5 {[%emt 0:00:08]} 25. Bd4 {[%emt 0:00:01]} Rf7 {[%emt 0:00:03]} 26. Bxf6 {[%emt 0:00:04]} Qxf6 {[%emt 0:00:01]} 27. Bg8 {[%emt 0:00:01] Zeit (Lag: Av=0.27s, max=0.8s)} 1-0

[Event "Stay Safe Play From Home 268"]
[Site "Emanuel Lasker Arena"]
[Date "2020.07.01"]
[Round "8"]
[White "Broken sword"]
[Black "Trotsky"]
[Result "1-0"]
[WhiteElo "2480"]
[BlackElo "1567"]
[PlyCount "57"]
[EventDate "2020.07.01"]
[EventType "swiss (blitz)"]

1. d4 {[%emt 0:00:02]} d5 {[%emt 0:00:01]} 2. c4 {[%emt 0:00:01]} e6 {[%emt 0:00:00]} 3. Nf3 {[%emt 0:00:00]} c5 {[%emt 0:00:01]} 4. Nc3 {[%emt 0:00:00]} Nc6 {[%emt 0:00:01]} 5. cxd5 {[%emt 0:00:02]} exd5 {[%emt 0:00:01]} 6. Bg5 {[%emt 0:00:01]} f6 {[%emt 0:00:02]} 7. Bf4 {[%emt 0:00:01]} c4 {[%emt 0:00:02]} 8. e4 {[%emt 0:00:03]} a6 {[%emt 0:00:02]} 9. exd5 {[%emt 0:00:01]} Nxd4 {[%emt 0:00:06]} 10. Qxd4 {[%emt 0:00:01]} Bd6 {[%emt 0:00:01]} 11. Bxd6 {[%emt 0:00:01]} Qxd6 {[%emt 0:00:01]} 12. Bxc4 {[%emt 0:00:00]} Bd7 {[%emt 0:00:01]} 13. Ne4 {[%emt 0:00:01]} Qb4+ {[%emt 0:00:03]} 14. Nfd2 {[%emt 0:00:01]} O-O-O {[%emt 0:00:03]} 15. a3 {[%emt 0:00:01]} Qe7 {[%emt 0:00:02]} 16. d6 {[%emt 0:00:01]} Qe8 {[%emt 0:00:03]} 17. O-O {[%emt 0:00:01]} f5 {[%emt 0:00:02]} 18. Nc5 {[%emt 0:00:01]} Nf6 {[%emt 0:00:03]} 19. Rfe1 {[%emt 0:00:02]} Qg6 {[%emt 0:00:02]} 20. Nxd7 {[%emt 0:00:01]} Rxd7 {[%emt 0:00:01]} 21. Be6 {[%emt 0:00:01]} Ng4 {[%emt 0:00:07]} 22. Nc4 {[%emt 0:00:03]} Qh5 {[%emt 0:00:02]} 23. h3 {[%emt 0:00:00]} Nf6 {[%emt 0:00:07]} 24. Nb6+ {[%emt 0:00:01]} Kb8 {[%emt 0:00:02]} 25. Nxd7+ {[%emt 0:00:01]} Ka8 {[%emt 0:00:01]} 26. Nxf6 {[%emt 0:00:01]} gxf6 {[%emt 0:00:01]} 27. d7 {[%emt 0:00:00]} Rg8 {[%emt 0:00:01]} 28. Bxg8 {[%emt 0:00:01]} f4 {[%emt 0:00:02]} 29. d8=Q# {[%emt 0:00:01] (Lag: Av=0.20s, max=0.6s)} 1-0

[Event "Stay Safe Play From Home 268"]
[Site "Emanuel Lasker Arena"]
[Date "2020.07.01"]
[Round "8"]
[White "The Next Contender"]
[Black "NeatFox"]
[Result "1-0"]
[WhiteElo "1963"]
[BlackElo "1912"]
[PlyCount "67"]
[EventDate "2020.07.01"]
[EventType "swiss (blitz)"]

1. d4 {[%emt 0:00:01]} b6 {[%emt 0:00:00]} 2. c4 {[%emt 0:00:00]} c5 {[%emt 0:00:00]} 3. Nf3 {[%emt 0:00:00]} cxd4 {[%emt 0:00:01]} 4. Nxd4 {[%emt 0:00:00]} Bb7 {[%emt 0:00:00]} 5. Nf3 {[%emt 0:00:02]} g6 {[%emt 0:00:00]} 6. g3 {[%emt 0:00:00]} Bg7 {[%emt 0:00:00]} 7. Bg2 {[%emt 0:00:00]} Nc6 {[%emt 0:00:00]} 8. O-O {[%emt 0:00:00]} Nf6 {[%emt 0:00:00]} 9. Qc2 {[%emt 0:00:01]} O-O {[%emt 0:00:00]} 10. a3 {[%emt 0:00:01]} d6 {[%emt 0:00:03]} 11. e3 {[%emt 0:00:00]} e6 {[%emt 0:00:01]} 12. Nc3 {[%emt 0:00:01]} Qc7 {[%emt 0:00:01]} 13. b3 {[%emt 0:00:01]} a6 {[%emt 0:00:00]} 14. Bb2 {[%emt 0:00:00]} Rac8 {[%emt 0:00:01]} 15. Rad1 {[%emt 0:00:00]} d5 {[%emt 0:00:01]} 16. cxd5 {[%emt 0:00:01]} Nxd5 {[%emt 0:00:00]} 17. Nxd5 {[%emt 0:00:01]} exd5 {[%emt 0:00:01]} 18. Bxg7 {[%emt 0:00:02]} Kxg7 {[%emt 0:00:01]} 19. Rxd5 {[%emt 0:00:00]} Ne7 {[%emt 0:00:03]} 20. Qxc7 {[%emt 0:00:01]} Rxc7 {[%emt 0:00:00]} 21. Rd2 {[%emt 0:00:01]} Nc6 {[%emt 0:00:01]} 22. Rfd1 {[%emt 0:00:01]} Rfc8 {[%emt 0:00:02]} 23. Rd7 {[%emt 0:00:01]} Na5 {[%emt 0:00:01]} 24. Ne5 {[%emt 0:00:01]} Bxg2 {[%emt 0:00:02]} 25. Kxg2 {[%emt 0:00:01]} Nxb3 {[%emt 0:00:03]} 26. Nxf7 {[%emt 0:00:01]} Kf6 {[%emt 0:00:01]} 27. Nh6 {[%emt 0:00:03]} Nc5 {[%emt 0:00:04]} 28. R1d6+ {[%emt 0:00:01]} Ne6 {[%emt 0:00:02]} 29. Ng4+ {[%emt 0:00:02]} Kg5 {[%emt 0:00:03]} 30. Rxc7 {[%emt 0:00:02]} Nxc7 {[%emt 0:00:02]} 31. h3 {[%emt 0:00:04]} h5 {[%emt 0:00:02]} 32. f4+ {[%emt 0:00:03]} Kf5 {[%emt 0:00:01]} 33. Kf3 {[%emt 0:00:05]} hxg4+ {[%emt 0:00:02]} 34. hxg4# {[%emt 0:00:00] (Lag: Av=0.49s, max=0.8s)} 1-0

[Event "Stay Safe Play From Home 268"]
[Site "Emanuel Lasker Arena"]
[Date "2020.07.01"]
[Round "8"]
[White "Patzeroglu"]
[Black "Lazieri3"]
[Result "0-1"]
[WhiteElo "1866"]
[BlackElo "2116"]
[PlyCount "69"]
[EventDate "2020.07.01"]
[EventType "swiss (blitz)"]

1. e4 {[%emt 0:00:03]} c6 {[%emt 0:00:00]} 2. d4 {[%emt 0:00:02]} d5 {[%emt 0:00:00]} 3. Nc3 {[%emt 0:00:00]} dxe4 {[%emt 0:00:01]} 4. Nxe4 {[%emt 0:00:01]} Nf6 {[%emt 0:00:01]} 5. Nxf6+ {[%emt 0:00:10]} exf6 {[%emt 0:00:00]} 6. c3 {[%emt 0:00:00]} Bd6 {[%emt 0:00:00]} 7. Bd3 {[%emt 0:00:01]} O-O {[%emt 0:00:00]} 8. Ne2 {[%emt 0:00:00]} Re8 {[%emt 0:00:00]} 9. Be3 {[%emt 0:00:00]} Bg4 {[%emt 0:00:01]} 10. Qd2 {[%emt 0:00:00]} Bh5 {[%emt 0:00:01]} 11. f3 {[%emt 0:00:00]} Bg6 {[%emt 0:00:00]} 12. O-O {[%emt 0:00:02]} Bxd3 {[%emt 0:00:02]} 13. Qxd3 {[%emt 0:00:01]} Qe7 {[%emt 0:00:01]} 14. Bf2 {[%emt 0:00:06]} Qxe2 {[%emt 0:00:04]} 15. Rfe1 {[%emt 0:00:04]} Qxd3 {[%emt 0:00:01]} 16. Rxe8+ {[%emt 0:00:02]} Bf8 {[%emt 0:00:00]} 17. Rae1 {[%emt 0:00:05]} g6 {[%emt 0:00:05]} 18. Bg3 {[%emt 0:00:02]} Kg7 {[%emt 0:00:02]} 19. Bxb8 {[%emt 0:00:01]} Rxb8 {[%emt 0:00:09]} 20. Rxb8 {[%emt 0:00:03]} Bd6 {[%emt 0:00:00]} 21. Rbe8 {[%emt 0:00:01]} Qd2 {[%emt 0:00:02]} 22. R8e2 {[%emt 0:00:00]} Qf4 {[%emt 0:00:01]} 23. a3 {[%emt 0:00:01]} Qxh2+ {[%emt 0:00:01]} 24. Kf2 {[%emt 0:00:01]} Bg3+ {[%emt 0:00:01]} 25. Ke3 {[%emt 0:00:01]} Bxe1 {[%emt 0:00:00]} 26. Rxe1 {[%emt 0:00:01]} Qxg2 {[%emt 0:00:01]} 27. Re2 {[%emt 0:00:00]} Qg1+ {[%emt 0:00:01]} 28. Kd3 {[%emt 0:00:00]} h5 {[%emt 0:00:01]} 29. Kc2 {[%emt 0:00:01]} h4 {[%emt 0:00:01]} 30. Kb3 {[%emt 0:00:02]} Qd1+ {[%emt 0:00:02]} 31. Ka2 {[%emt 0:00:00]} Qxe2 {[%emt 0:00:01]} 32. f4 {[%emt 0:00:00]} Qf3 {[%emt 0:00:00]} 33. f5 {[%emt 0:00:00]} Qd5+ {[%emt 0:00:01]} 34. b3 {[%emt 0:00:01]} Qxf5 {[%emt 0:00:00]} 35. a4 {[%emt 0:00:01] Patzeroglu resigns (Lag: Av=1.91s, max=8.6s)} 0-1

[Event "Stay Safe Play From Home 268"]
[Site "Emanuel Lasker Arena"]
[Date "2020.07.01"]
[Round "8"]
[White "Haris kollari 13"]
[Black "Fischer_11"]
[Result "0-1"]
[WhiteElo "1781"]
[BlackElo "2025"]
[Annotator "NA"]
[PlyCount "78"]
[EventDate "2020.07.01"]
[EventType "swiss (blitz)"]

1. e4 {[%emt 0:00:01]} Nf6 {[%emt 0:00:04]} 2. e5 {[%emt 0:00:01]} Nd5 {[%emt 0:00:00]} 3. c4 {[%emt 0:00:00]} Nb6 {[%emt 0:00:01]} 4. d4 {[%emt 0:00:00]} d6 {[%emt 0:00:00]} 5. f4 {[%emt 0:00:00]} dxe5 {[%emt 0:00:01]} 6. fxe5 {[%emt 0:00:01]} Nc6 {[%emt 0:00:00]} 7. Nf3 {[%emt 0:00:01]} Bg4 {[%emt 0:00:00]} 8. Be3 {[%emt 0:00:01]} e6 {[%emt 0:00:01]} 9. Nc3 {[%emt 0:00:02]} Bxf3 {[%emt 0:00:01]} 10. gxf3 {[%emt 0:00:01]} Qh4+ {[%emt 0:00:01]} 11. Bf2 {[%emt 0:00:03]} Qf4 {[%emt 0:00:00]} 12. Qd2 {[%emt 0:00:04]} Qxd2+ {[%emt 0:00:04]} 13. Kxd2 {[%emt 0:00:02]} O-O-O {[%emt 0:00:00]} 14. c5 {[%emt 0:00:08]} Bd6 {[%emt 0:00:01]} 15. cxd6 {[%emt 0:00:03]} cxd6 {[%emt 0:00:01]} 16. exd6 {[%emt 0:00:01]} Rxd6 {[%emt 0:00:00]} 17. Kc2 {[%emt 0:00:02]} Nxd4+ {[%emt 0:00:01]} 18. Bxd4 {[%emt 0:00:01]} Rxd4 {[%emt 0:00:00]} 19. Rd1 {[%emt 0:00:02]} Rhd8 {[%emt 0:00:00]} 20. Rxd4 {[%emt 0:00:01]} Rxd4 {[%emt 0:00:00]} 21. Be2 {[%emt 0:00:01]} Rh4 {[%emt 0:00:05]} 22. h3 {[%emt 0:00:01]} Nd7 {[%emt 0:00:02]} 23. Ne4 {[%emt 0:00:01]} Ne5 {[%emt 0:00:05]} 24. Nd6+ {[%emt 0:00:02]} Kd7 {[%emt 0:00:02]} 25. Ne4 {[%emt 0:00:00]} Ke7 {[%emt 0:00:02]} 26. Kd2 {[%emt 0:00:01]} f5 {[%emt 0:00:02]} 27. Ng5 {[%emt 0:00:03]} h6 {[%emt 0:00:04]} 28. f4 {[%emt 0:00:04]} Rxf4 {[%emt 0:00:04]} 29. h4 {[%emt 0:00:01]} hxg5 {[%emt 0:00:01]} 30. hxg5 {[%emt 0:00:01]} Nf3+ {[%emt 0:00:01]} 31. Bxf3 {[%emt 0:00:02]} Rxf3 {[%emt 0:00:00]} 32. Rh7 {[%emt 0:00:01]} Kf7 {[%emt 0:00:01]} 33. Ke2 {[%emt 0:00:03]} Rg3 {[%emt 0:00:01]} 34. Rh8 {[%emt 0:00:01]} Rxg5 {[%emt 0:00:01]} 35. Rb8 {[%emt 0:00:00]} Rg2+ {[%emt 0:00:01]} 36. Kd3 {[%emt 0:00:02]} Rxb2 {[%emt 0:00:00]} 37. Kc3 {[%emt 0:00:01]} Rb6 {[%emt 0:00:02]} 38. Rxb7+ {[%emt 0:00:00]} Kf6 {[%emt 0:00:00]} 39. Rxa7 {[%emt 0:00:02]} Rc6+ {[%emt 0:00:01] Time (Lag: Av=0.34s, max=0.6s)} 0-1